000 00476nam a2200181Ia 4500
001 12860
005 20260306163011.0
008 260306t1970||||xx |||||||||||||| ||spa||
041 _aESP
082 _aRD 382.03
_bC35D
100 _aCastro de Mendoza, René
_eAUT
245 0 _aDiccionario de Comercio Exterior y Aduanas para el empresario peruano
260 _c1970
300 _a689 páginas :
_c22 cm.
650 _aGEN
654 _aCAN
942 _cDIC
_dJUS
_fJUS
_2ddc
_n
999 _c12860
_d12860